书目信息 |
| 题名: |
会计信息系统
|
|
| 作者: | 张瑞君 编著 | |
| 分册: | ||
| 出版信息: | 北京 中国人民大学出版社 2004 |
|
| 页数: | 444页 | |
| 开本: | 23cm | |
| 丛书名: | ||
| 单 册: | ||
| 中图分类: | F232 | |
| 科图分类: | ||
| 主题词: | 商用计算机 , 信息系统 , 商用计算机--信息系统--高等教育--教材 | |
| 电子资源: | ||
| ISBN: | 7-300-05796-9(含光盘) | |
| 000 | 01054nam0 2200289 450 | |
| 000 | 01071nam0 2200289 450 | |
| 000 | 01004nam0 2200265 450 | |
| 000 | 00968nam0 2200253 45 | |
| 005 | 20070610103311.85 | |
| 010 | @a7-300-05796-9(含光盘)@dCNY39.00 | |
| 100 | @a20070608e2005 em y0chiy0120 ea | |
| 101 | 0 | @achi |
| 102 | @aCN@b110000 | |
| 105 | @ay z 000yy | |
| 200 | 1 | @a会计信息系统@AHui Ji Xin Xi Xi Tong@f张瑞君编著@FZhang Rui Jun Bian Zhu |
| 210 | @a北京@c中国人民大学出版社@d2004 | |
| 215 | @a444页@d23cm@e光盘1片 | |
| 300 | @a普通高等教育“十五”国家级规划教材 21世纪会计系列教材 | |
| 307 | @a附光盘 ISBN 7-900646-85-X 教学实验软件中国人民大学音像出版社 | |
| 330 | @a本教材对具体的账务处理、销售与收款、采购与付款、存货核算和管理等子系统的业务流程、数据文件和总体结构进行了分析和讲解。 | |
| 606 | 0 | @a商用计算机 |
| 606 | 0 | @a信息系统 |
| 606 | 0 | @a商用计算机@x信息系统@x高等教育@j教材 |
| 690 | @aF232@v4 | |
| 701 | 0 | @a张瑞君@AZhang Rui Jun@c(女,教授)@4编著 |
| 801 | 0 | @aCN@bTAOJIN@c20070610 |
| 905 | @a10447@dF232@e251 | |
| 会计信息系统/张瑞君编著.-北京:中国人民大学出版社,2004 |
| 444页;23cm+光盘1片 |
| 普通高等教育“十五”国家级规划教材 21世纪会计系列教材 |
| ISBN 7-300-05796-9(含光盘):CNY39.00 |
| 本教材对具体的账务处理、销售与收款、采购与付款、存货核算和管理等子系统的业务流程、数据文件和总体结构进行了分析和讲解。 |
| ● |
| 相关链接 |
|
|
|
|
正题名:会计信息系统
索取号:F232/251
 
预约/预借
| 序号 | 登录号 | 条形码 | 馆藏地/架位号 | 状态 | 备注 |
| 1 | 0527773 | 205277733 | 第一样本阅览室/ [索取号:F232/251] | 在馆 | |
| 2 | 0527774 | 205277742 | 密集书库/ [索取号:F232/251] | 在馆 | |
| 3 | 0527775 | 205277751 | 密集书库/ [索取号:F232/251] | 在馆 | |
| 4 | 0527776 | 205277760 | 第一借阅区/ [索取号:F232/251] | 在馆 | |
| 5 | 0527777 | 205277779 | 第一借阅区/ [索取号:F232/251] | 在馆 | |
| 6 | 0527778 | 205277788 | 密集书库/ [索取号:F232/251] | 在馆 | |
| 7 | 0527779 | 205277797 | 第一借阅区/ [索取号:F232/251] | 在馆 | |
| 8 | 0527780 | 205277804 | 第一借阅区/ [索取号:F232/251] | 在馆 |